Les personnages principaux de toutes les séries Yu-Gi-Oh - Statistiques

Statistiques générales
  • Ce quiz a été pris 52 fois
    12 depuis la dernière actualisation
  • Le résultat moyen est 5 sur 8
Statistiques - réponses
Série Héros % Correct
Yu-Gi-Oh!Duel MonstersYu-Gi-Oh!R Yugi
100%
Yu-Gi-Oh!GX Jaden
83%
Yu-Gi-Oh!5D's Yusei
83%
Yu-Gi-Oh!Arc-V Yuya
75%
Yu-Gi-Oh!Zexal Yuma
67%
Yu-Gi-Oh!Vrains Yusaku
42%
Yu-Gi-Oh!Sevens Yuga
33%
Yu-Gi-Oh!Go Rush!! Yudias
25%
Aucun quiz correspondant
Distribution des résultats
% des personnes avec chaque résultat
Percentile par nombre de réponses
Votre historique - résultats
Vous n’avez pas pris ce quiz depuis la dernière actualisation